Biblioteca Fatec Adamantina

Matemática básica para cursos superiores / (Registro n. 216)

Detalhes MARC
000 -LEADER
fixed length control field 00779nam a22002657a 4500
003 - CONTROL NUMBER IDENTIFIER
control field OSt
005 - DATE AND TIME OF LATEST TRANSACTION
control field 20250225190929.0
007 - PHYSICAL DESCRIPTION FIXED FIELD--GENERAL INFORMATION
fixed length control field ta
008 - FIXED-LENGTH DATA ELEMENTS--GENERAL INFORMATION
fixed length control field 250225b bl ||||| |||| 00| 0 por d
020 ## - INTERNATIONAL STANDARD BOOK NUMBER
International Standard Book Number 9788597015294
Qualifying information (encad.)
040 ## - CATALOGING SOURCE
Language of cataloging por
Transcribing agency OSt
041 0# - LANGUAGE CODE
Language code of text/sound track or separate title por
Language code of original por
082 ## - DEWEY DECIMAL CLASSIFICATION NUMBER
Classification number 510
Item number S586ma
100 1# - MAIN ENTRY--PERSONAL NAME
Personal name Silva, Sebastião Medeiros da
Dates associated with a name 1938-
9 (RLIN) 293
210 ## - ABBREVIATED TITLE
Source Matemática básica para cursos superiores
245 10 - TITLE STATEMENT
Title Matemática básica para cursos superiores /
250 ## - EDITION STATEMENT
Edition statement 2. ed.
260 ## - PUBLICATION, DISTRIBUTION, ETC.
Place of publication, distribution, etc. São Paulo :
Name of publisher, distributor, etc. Atlas,
Date of publication, distribution, etc. 2018.
300 ## - PHYSICAL DESCRIPTION
Extent 192 p. :
Other physical details il. ;
Dimensions 24 cm
504 ## - BIBLIOGRAPHY, ETC. NOTE
Bibliography, etc. note Bibliografia: p. 193
650 04 - SUBJECT ADDED ENTRY--TOPICAL TERM
Topical term or geographic name entry element Matemática-Estudo e ensino
700 1# - ADDED ENTRY--PERSONAL NAME
Personal name Silva, Elio Medeiros da
9 (RLIN) 294
700 1# - ADDED ENTRY--PERSONAL NAME
Personal name Silva, Ermes Medeiros da
9 (RLIN) 295
942 ## - ADDED ENTRY ELEMENTS (KOHA)
Source of classification or shelving scheme Dewey Decimal Classification
Koha item type LIVRO
Edition 2. ed.
Suppress in OPAC No
Exemplares
Withdrawn status Lost status Source of classification or shelving scheme Damaged status Not for loan Home library Current library Date acquired Total checkouts Total renewals Full call number Barcode Date due Date last seen Date last checked out Copy number Price effective from Koha item type
    Dewey Decimal Classification     Biblioteca Fatec Adamantina Biblioteca Fatec Adamantina 25.02.2025 1 8 510 - S586ma 2025-0848 05.05.2026 03.03.2026 03.03.2026 ex.1 25.02.2025 LIVRO
    Dewey Decimal Classification     Biblioteca Fatec Adamantina Biblioteca Fatec Adamantina 25.02.2025 2   510 - S586ma 2025-0849   15.04.2026 07.04.2026 ex.2 25.02.2025 LIVRO

Para mais informações envie um e-mail para [email protected].